Missing 'E' Acronyms Quiz Stats

 Plays Quiz Updated Dec 16, 2018

Support Sporcle.
Go Orange.
Score 0/30 Timer 04:00
0 Plays Today
% Correct
Estimated
94.5%
Education
94.4%
Exchange
94.2%
Extra
93.1%
Emergency
92.6%
Eyes
92.3%
Envelope
91.8%
Esophageal
91.2%
Eye
91.1%
Ear
90.1%
Entertainment
89.7%
European
88.2%
Elmtaryd
88.1%
Everyone
87.2%
Eastern
85.5%
% Correct
Earth
84.2%
Emerson
83%
Emotional
82.2%
Earnings
81.7%
Evil
81.2%
Emission
80.9%
Electric
77.1%
Extended
76.5%
Earned
73.6%
Engine
73.5%
Electronic
72.3%
Engineers
71%
Employees
68.5%
Experimental
67.5%
Equipment
67.1%

You're not logged in!

Compare scores with friends on all Sporcle quizzes.
OR
Log In
Forgot?

From the Vault

4 Decades of TV Show Premieres II

by kfastic

Youuuuuu've got tiiiiime now!
Remove Ads.
Support Sporcle.
Get the best of Sporcle when you Go Orange. This ad-free experience offers more features, more stats, and more fun while also helping to support Sporcle. Thank you for becoming a member.

Show Comments

Extras

Top Quizzes Today


Score Distribution

Your Account Isn't Verified!

In order to create a playlist on Sporcle, you need to verify the email address you used during registration. Go to your Sporcle Settings to finish the process.

Report this User

Report this user for behavior that violates our Community Guidelines.

Details: